Normal view
MARC view
- الهندسة المدنية
Entry Topical Term
001 - CONTROL NUMBER
- control field: 17105
003 - CONTROL NUMBER IDENTIFIER
- control field: JO-AjAnu
005 - DATE AND TIME OF LATEST TRANSACTION
- control field: 20230606073028.0
008 - FIXED-LENGTH DATA ELEMENTS
- fixed length control field: 230606|| aca||aabn | a|a d
040 ## - CATALOGING SOURCE
- Original cataloging agency: JO-AjAnu
- Transcribing agency: JO-AjAnu
150 ## - HEADING--TOPICAL TERM
- Topical term or geographic name entry element: الهندسة المدنية
670 ## - SOURCE DATA FOUND
- Source citation: Work cat.: (JO-AjAnu)8781: الدوري ، محمد جابر, author 17104, مسؤولية المقاول والمهندس في مقالات البناء والمنشاءات الثابتة بعد انجاز العمل وتسليمة